00342 a2200121 450000100060000010000150000624500230002126000330004409000170007794200230009499900190011795200840013637949 aStrange S aStates and markets aG BbPinter Publishersc1938 c24128d24128 aNUST-CAEcMc15701 c273022d273022 001040708NFICaCAEbCAEd2017-04-03l0pCAE69275r2017-04-05w2017-04-05yBK